| 000 | 00422nam a22001457a 4500 | ||
|---|---|---|---|
| 005 | 20250210104609.0 | ||
| 008 | 250210b |||||||| |||| 00| 0 eng d | ||
| 020 | _a9988788134 | ||
| 050 |
_aHG1616 _b.M3 OFO |
||
| 100 | _aOfosu, Monica-Djamerah | ||
| 245 |
_aIntroduction to marketing; _bbankers workbook series |
||
| 260 |
_aAccra _bThe Chartered Institute of Bankers _cc1999 |
||
| 300 |
_a156p; _bill.; |
||
| 942 |
_2lcc _cBK _n0 |
||
| 999 |
_c3775 _d3775 |
||